|
|
|
|
| LEADER |
00000nam a22000007a 4500 |
| 005 |
20130122172832.0 |
| 007 |
cr|||| |||| |
| 008 |
130122e2010 bl |||||s|||| 00||0 por d |
| 020 |
|
|
|a 8588018446
|
| 035 |
|
|
|a 6776
|
| 040 |
|
|
|a vLex
|
| 090 |
|
|
|c 3582
|d 3582
|
| 100 |
1 |
0 |
|a Montai de Lima, Rogřio
|
| 245 |
1 |
0 |
|a Relaė̳s contratuais na internet e proteȯ̂ jurd̕ica do consumidor
|h [Recurso electrn̤ico]
|
| 256 |
|
|
|a Servicio en ln̕ea
|
| 260 |
|
|
|a Sô Paulo :
|b Editora NELPA,
|c 2010
|
| 300 |
|
|
|a 1 Recurso electrn̤ico
|
| 650 |
0 |
4 |
|a Comercio electrn̤ico
|z Brasil
|
| 650 |
0 |
4 |
|a Intercambio electrn̤ico de datos
|z Brasil
|
| 740 |
|
|
|a vLex Libros (Servicio en ln̕ea)
|
| 856 |
|
|
|a Acceso restringido
|u http://www.vlex.com/source/6776
|
| 942 |
|
|
|c BOOK
|
| 999 |
|
0 |
|a Electronic commerce
|